000 00515nam a2200217Ia 4500
003 OSt
005 20220511094458.0
008 210210b2010 xxu||||| |||| 00| 0 eng d
020 _a9788184121148
040 _aAL
_c
041 _aeng
082 _a650 UPAB
100 _aUPADHYAY (Saroj)
_935807
245 _aBusiness Environment
250 _a2
260 _aNew Delhi
_bAsian Books Pvt Ltd.
_c2010
300 _axvi,446
690 _aBusiness Environment
_935808
906 _a064899
942 _2ddc
_cBK
999 _c141899
_d141899